Statistics for Guess the lyrics (#13)

Click here to take the quiz!

General Stats

  • This quiz has been taken 331 times
  • The average score is 54 of 117

Answer Stats

Answer% Correct
I
98%
a
97%
you?
94%
you
94%
the
93%
me
82%
in
79%
In
79%
to
79%
and
77%
is
77%
be
76%
Be
76%
it
75%
your
75%
Love
74%
Who
74%
my
66%
so
65%
That
62%
will
59%
of
57%
am
56%
could
47%
would
47%
like
42%
say
41%
just
36%
Just
36%
take
34%
time
34%
make
33%
eyes
32%
life
32%
mine
31%
had
29%
out
26%
than
26%
feel
23%
more
22%
mind
21%
you'll
20%
find
19%
that's
18%
into
17%
hard
15%
saw
15%
beat
14%
kiss
13%
made
10%
maybe
9%
blind
8%
crazy?
8%
loving
8%
God-found
7%
kind
7%
child
5%
move
5%
Watch
5%
poison
4%
sweet
4%
used
4%
church
3%
feet
3%
fight
3%
fine
3%
fool
3%
across
2%
Step
2%
street
2%
Desolate
1%
neat
1%
clinging
0%
religion
0%
sink
0%
trick
0%

Score Distribution

Percentile by Number Answered

Percent of People with Each Score

Your Score History

You have not taken this quiz